Billie Eilish - The 30th lyrics - Statistics

General Stats
  • This quiz has been taken 377 times
  • The average score is 217 of 259
Answer Stats
Hint Answer % Correct
a
99%
Chorus I
99%
you
98%
You
98%
you,
98%
the
97%
The
97%
in
95%
In
95%
on
95%
On
95%
to
95%
be
94%
Bridge What
93%
where
93%
if
92%
If
92%
it
92%
so
92%
was
92%
look
91%
me
91%
were
91%
your
91%
am
89%
don't
88%
know
88%
And
87%
did
86%
remember
86%
you're
86%
You're
86%
kids
85%
pretty
85%
day?
84%
different
84%
scared
84%
said
83%
there
83%
There
83%
But
82%
even
82%
hospital
82%
then
82%
bed
81%
calling
81%
looked
81%
When
81%
happened
80%
Just
80%
just
80%
way?
79%
like
78%
told
78%
ambulance
77%
before
77%
bridge,
77%
rail
77%
accident
76%
alive,
76%
alive
76%
car
76%
little
76%
play?
76%
same
76%
wasn't
76%
alone?
75%
No
75%
all
73%
are
72%
street
72%
Or
71%
or
71%
Verse 1 Sometimes,
71%
together
70%
one
69%
rain?
68%
would
68%
not
67%
knows
66%
snow
66%
survived?
66%
anything,
65%
changed
65%
have
65%
time
65%
up
65%
Woke
65%
didn't
64%
pieced
63%
weren't
63%
Angeles
62%
drive
62%
of
62%
saw
62%
think
62%
over
61%
that
61%
wanted
60%
night
59%
pulling
59%
remote?
59%
traffic
58%
late
57%
panic,
57%
hard
56%
It's
56%
shoulder,
56%
Crest
55%
Usually,
55%
believe
54%
early
54%
space
54%
staring
54%
neighborhood
53%
into
52%
ambulances
47%
Five,
47%
thought
47%
stand-still
42%
unusually
42%
No matching quizzes found
Score Distribution
Percent of People with Each Score
Percentile by Number Answered
Your Score History
You have not taken this quiz